Statystyki dla Nazwij tę postać historyczną #2

Kliknij tutaj aby rozwiązać quiz!

Ogólne statystyki

  • Ten quiz został rozwiązany 4 447 razy
  • Średni wynik to 7 z 20

Statystyki odpowiedzi

Odpowiedź% Poprawnych
Józef Stalin
94%
Maria Skłodowska-Curie
92%
Elvis Presley
85%
Charlie Chaplin
76%
Winston Churchill
72%
Martin Luther King
54%
Ludwig van Beethoven
50%
Mohandas Gandhi
48%
Joanna d’Arc
34%
Ludwik XIV
22%
Douglas MacArthur
16%
Woodrow Wilson
16%
Mark Twain
13%
Leo Tolstoy
10%
Ho Chi Minh
9%
Ben Franklin
7%
Rembrandt
7%
Robert E Lee
7%
Geronimo
5%
Wilhelm II Hohenzollern
5%

Rozkład punktacji

Percentyl według liczby udzielonych odpowiedzi

Procent ludzi z każdym wynikiem

Twoja historia wyników

Nie rozwiązałeś tego quizu